Las 100 Islas más Grandes del Mundo - Estadísticas

Estadísticas generales
  • Esta prueba ha sido intentada 32 veces
  • La puntuación promedio es 20 de 100
Estadísticas de respuestas
Puesto País(es) Isla % Correcto
1 Dinamarca Groenlandia
96%
4 Madagascar Madagascar
82%
9 Reino Unido Gran Bretaña
79%
17 Cuba Cuba
75%
20 Irlanda/Reino Unido Irlanda
71%
18 Islandia Islandia
68%
3 Indonesia/Malasia/Brunéi Borneo
64%
22 R. Dominicana/Haití La Hispaniola
64%
25 Sri Lanka Sri Lanka
57%
26 Australia Tasmania
57%
21 Japón Hokkaido
54%
71 Jamaica Jamaica
54%
13 Indonesia Java
54%
2 Indonesia/PNG Nueva Guinea
54%
45 Italia Sicilia
54%
38 Taiwán Taiwán
54%
6 Indonesia Sumatra
50%
80 Chipre/Reino Unido Chipre
46%
83 Francia Córcega
46%
14 Nueva Zelanda Isla Norte
46%
12 Nueva Zelanda Isla Sur
46%
47 Italia Cerdeña
43%
7 Japón Honshu
43%
88 Grecia Creta
39%
16 Canadá Terranova
39%
81 Estados Unidos Puerto Rico
36%
44 Timor Oriental/Indonesia Timor
36%
75 Estados Unidos Isla de Hawái
32%
29 Chile/Argentina Isla Grande de Tierra del Fuego
32%
15 Filipinas Luzón
32%
5 Canadá Isla de Baffin
29%
11 Indonesia Célebes
25%
8 Canadá Isla Victoria
25%
19 Filipinas Mindanao
25%
43 Canadá Isla de Vancouver
21%
10 Canadá Isla Ellesmere
21%
53 Francia Isla Grande/Terre de Nueva Caledonia
18%
23 Rusia Isla de Sajalín
14%
37 Japón Kyushu
14%
42 China Hainan
11%
60 Indonesia Isla de Flores
11%
62 Filipinas Negros
11%
64 Filipinas Palawan
11%
95 Dinamarca Selandia
11%
78 Papúa Nueva Guinea Isla Bougainville
7%
86 Chile Isla Grande de Chiloé
7%
61 Canadá Isla King William
7%
99 Reino Unido Isla Soledad
7%
35 Brasil Marajó
7%
50 Japón Shikoku
7%
32 Canadá Isla Axel Heiberg
4%
24 Canadá Isla Banks
4%
70 Canadá Isla Bylot
4%
96 Canadá Isla Cornwallis
4%
89 Canadá Isla de Anticosti
4%
49 Brasil Isla de Banana
4%
67 Indonesia Isla de Bangka
4%
54 Canadá Isla de Bathurst
4%
76 Canadá Isla de Cabo Bretón
4%
94 Filipinas Isla de Leyte
4%
40 Canadá Isla del Príncipe de Gales
4%
77 Canadá Isla de Prince Charles
4%
63 Filipinas Isla de Samar
4%
27 Canadá Isla Devon
4%
91 Rusia Isla de Wrangel
4%
68 Canadá Isla Ellef Ringnes
4%
98 Francia Isla Kerguelen/Desolación/Grande-Terre
4%
82 Rusia Isla Komsomolets
4%
33 Canadá Isla Melville
4%
55 Canadá Isla Prince Patrick
4%
97 Estados Unidos Isla Príncipe de Gales
4%
59 Rusia Isla Revolución de Octubre
4%
30 Rusia Isla Séverny
4%
34 Canadá Isla Southampton
4%
41 Rusia Isla Yuzhny
4%
73 Filipinas Mindoro
4%
93 Papúa Nueva Guinea Nueva Irlanda
4%
65 Filipinas Panay
4%
84 Dinamarca Qeqertarsuaq/Disko
4%
92 Brasil Tupinambarana/Isla Occidental
4%
87 Indonesia Buru
0%
52 Indonesia Ceram
0%
51 Indonesia Halmahera
0%
28 (Antártida) Isla Alejandro I
0%
31 (Antártida) Isla Berkner
0%
69 Rusia Isla Bolchevique
0%
85 (Antártida) Isla Carney
0%
79 Rusia Isla Kodiac
0%
90 (Antártida) Isla Rooselvelt
0%
100 (Antártida) Isla Siple
0%
48 Rusia Islas Kotelny/Faddeyevsky
0%
46 Canadá Isla Somerset
0%
56 (Antártida) Isla Thurston
0%
66 Indonesia Isla Yos Sudarso
0%
58 Noruega Nordauslandet
0%
39 Papúa Nueva Guinea Nueva Bretaña
0%
36 Noruega Spitsbergen
0%
72 Indonesia Sumba
0%
57 Indonesia Sumbawa
0%
74 Fiyi Viti Levu
0%
No se encontraron pruebas coincidentes
Distribución de puntuación
Porcentaje de gente con cada puntuación
Porcentaje por número respondido
Historial de tus puntuaciones
No has intentado esta prueba.